Statistiques concernant Rapport des dimensions des drapeaux

Cliquez ici pour prendre le quiz!

Statistiques générales

  • Ce quiz a été pris 25 fois
    (18 depuis la dernière actualisation)
  • Le résultat moyen est 6 sur 17

Statistiques - réponses

HintRéponse% Correct
Népal0,820
70%
Vatican1
70%
Chine1,5
70%
Inde1,5
70%
Suisse1
50%
Afrique du Sud1,5
50%
Uruguay1,5
50%
Espagne1,5
50%
Bahrein1,666
30%
Royaume-Uni1,666
20%
Australie2
20%
Sri Lanka2
20%
Kazakhstan2
20%
Canada2
20%
Haiti1,666
10%
Allemagne1,666
0%
Zimbabwe2
0%

Distribution des résultats

Percentile par nombre de réponses

% des personnes avec chaque résultat

Votre développement - résultats

Vous n’avez pas pris ce quiz depuis la dernière actualisation